000 00298nam a22001337a 4500
008 171013b xxu||||| |||| 00| 0 eng d
020 _a9780205157259
041 _aeng
080 _a316
100 _a50
101 _aSOC
245 _aSOLUTIONS TO SOCIAL PROBLEMS
_cEITZEN,D.S
942 _2udc
_cBK
999 _c33614
_d33614